The Mermaid encounter

Bibliographic Details
Main Author: Kong Sing Kwong
Format: Book
Published: P.Jaya : Pan Earth , 1995
Series:The teenage adventure series
Subjects:

MARC

LEADER 00000cam a2200000 7i4500
001 0000006209
002 000006700
005 20000330.0
020 |a 9837503025 
090 0 0 |a JF   |b KON 
100 0 |a Kong Sing Kwong 
245 1 4 |a The Mermaid encounter   |c Kong Sing Kwong 
260 |b P.Jaya :   |b Pan Earth ,   |c 1995 
300 |a 110p. ;   |c 18cm. 
490 0 |a The teenage adventure series 
650 0 0 |a Children's stories 
999 |a 038618   |b BUKU   |c PINJAMAN   |e PERPUSTAKAAN KOMUNITI PETALING JAYA 
999 |a 038619   |b BUKU   |c JUNIOR FICTION   |e PERPUSTAKAAN KOMUNITI PETALING JAYA